Statistics for Most Streamed Green Day Songs

Click here to take the quiz!

General Stats

  • This quiz has been taken 53 times
  • The average score is 7 of 10

Answer Stats

#StreamsAnswer% Correct
2896MAmerican Idiot
100%
3752MBoulevard of Broken Dreams
93%
1998MBasket Case
89%
8325MHoliday
82%
4704MWake Me up When September Ends
71%
7487MWhen I Come Around
69%
6554M21 Guns
67%
5645MGood Riddance (Time of Your Life)
62%
10187MWelcome to Paradise
53%
9205MBrain Stew
44%

Score Distribution

Percentile by Number Answered

Percent of People with Each Score

Your Score History

You have not taken this quiz